000 00302nam a2200133 i 4500
001 bg
100 1 _aSCHULZE, Werner.
245 0 _aTurnhallen.
_nT. 2 /
_cWerner Schulze.
260 _aWiesbaden,
_c1971.
040 _cBPK
041 _apol
942 _cKS
008 s pl f |000 0 pol
999 _c14229
_d14229
856 _uhttp://koha.tu.koszalin.pl/cgi-bin/koha/opac-detail.pl?biblionumber=14229
_yKatalog online BPK